| 000 | 01372nac a22003977a 4500 | ||
|---|---|---|---|
| 001 | BR8500002 | ||
| 003 | BR-BrBNA | ||
| 005 | 20240105120219.0 | ||
| 008 | 230509b bl.|||m| |||| 00| 0 por d | ||
| 040 |
_aBR-BrBNA _bpor _cBiblioteca Nacional de Agricultura |
||
| 072 | _aE15; E50 | ||
| 090 | _aE15 BR8500002 | ||
| 100 | 1 | _aPinare, A.G.V. | |
| 100 | 1 | _aFuentes, C.O.W. | |
| 110 | 1 | _aCentro de Pesquisa Agropecuaria do Tropico Semi-Arido, Petrolina, PE (Brasil) | |
| 245 | 1 | _aPequenos agricultores 2. Metodos de avaliacao economica e financeira [Regiao Nordeste, Brasil] | |
| 246 | 1 | _aSmall farmers 2. Methods of economical and financial evaluation [Northeast, Brazil] | |
| 260 | 3 |
_aPetrolina, PE (Brasil): _c1984. |
|
| 300 | _a97 p. | ||
| 490 |
_aDocumentos - Centro de Pesquisa Agropecuaria do Tropico Semi-Arido (Brazil) _vno. 25 _xISSN 0100-9729 |
||
| 500 | _a15 illus.; 28 ref.; Glossary p. 93; Summaries (En, Pt) | ||
| 650 | _aPROPRIEDADE RURAL | ||
| 650 | _aFAZENDA | ||
| 650 | _aANALISE ECONOMICA | ||
| 650 | _aPRODUTIVIDADE | ||
| 650 | _aMAO-DE-OBRA | ||
| 650 | _aSISTEMA DE PRODUCAO | ||
| 650 | _aCAPITAL | ||
| 650 | _aPEQUENO PRODUTOR | ||
| 650 | _aCONSUMO | ||
| 650 | _aUSO DA TERRA | ||
| 650 | _aADMINISTRACAO RURAL | ||
| 650 | _aREGIAO NORDESTE | ||
| 909 |
_a202312 _bLúcia Elande _c55 _dLúcia Elande |
||
| 942 |
_2AGRIS _n0 _cMS |
||
| 999 |
_c278376 _d278376 |
||